[Event "Nezhmetdinov Memorial 32nd"]
[Site "Kazan"]
[Date "2010.06.08"]
[Round "9"]
[White "Gabdrakhmanov, Rafail"]
[Black "Shcherbakov, Ruslan"]
[Result "0-1"]
[WhiteElo "2362"]
[BlackElo "2516"]
[PlyCount "78"]
[EventDate "2010.05.31"]
[EventType "swiss"]
[EventRounds "9"]
[EventCountry "RUS"]
[SourceTitle "CBM 136 Extra"]
[Source "ChessBase"]
[SourceDate "2010.07.02"]
[SourceVersion "2"]
[SourceVersionDate "2010.07.15"]
[SourceQuality "1"]

1. e4 e5 2. Nf3 Nc6 3. Bb5 a6 4. Ba4 Nf6 5. d3 b5 6. Bb3 Bc5 7. c3 d6 8. 0-0 h6 9. a4 Rb8 10. axb5 axb5 11. d4 Bb6 12. Qd3 0-0 13. Nbd2 Bd7 14. Re1 Nh5 15. Nf1 Qf6 16. Be3 Bg4 17. dxe5 dxe5 18. Bxb6 Nf4 19. Qe3 Rxb6 20. N3d2 Rd8 21. f3 Bh3 22. g3 Ng2 23. Qe2 Nxe1 24. Rxe1 Na5 25. Bd5 b4 26. Ra1 bxc3 27. bxc3 Rb2 28. Qe3 Qb6 29. Qxb6 cxb6 30. Rd1 Bxf1 31. Kxf1 b5 32. Ke1 Rd7 33. Ra1 Rxd2 34. Rxa5 Rxh2 35. Rxb5 Ra7 36. Rb8+ Kh7 37. Ra8 Rxa8 38. Bxa8 Rc2 39. Bd5 Rxc3 0-1

[Event "Nezhmetdinov Memorial 32nd"]
[Site "Kazan"]
[Date "2010.06.07"]
[Round "8"]
[White "Pokudov, Zakhar"]
[Black "Gabdrakhmanov, Rafail"]
[Result "0-1"]
[WhiteElo "1794"]
[BlackElo "2362"]
[PlyCount "116"]
[EventDate "2010.05.31"]
[EventType "swiss"]
[EventRounds "9"]
[EventCountry "RUS"]
[SourceTitle "CBM 136 Extra"]
[Source "ChessBase"]
[SourceDate "2010.07.02"]
[SourceVersion "2"]
[SourceVersionDate "2010.07.15"]
[SourceQuality "1"]

1. e4 c5 2. Nf3 Nc6 3. d4 cxd4 4. Nxd4 Qc7 5. Be3 e6 6. Nc3 a6 7. g3 Nf6 8. Bg2 Be7 9. 0-0 0-0 10. h3 d6 11. a4 Bd7 12. f4 Rac8 13. Nb3 b6 14. Qe2 Nb4 15. Qf2 Rb8 16. Rfd1 Bc6 17. Nd4 Ba8 18. g4 d5 19. e5 Ne4 20. Nxe4 dxe4 21. f5 Bc5 22. f6 Qxe5 23. fxg7 Qxg7 24. c3 Nd3 25. Qh4 Rfe8 26. Rf1 Be7 27. g5 Qg6 28. Kh2 Rbc8 29. Rg1 Rc5 30. Raf1 Kf8 31. Ne2 Bxg5 32. Bxg5 Qxg5 33. Qxg5 Rxg5 34. Rf6 Nxb2 35. Rf4 Nxa4 36. Rgf1 Nc5 37. Rxf7+ Kg8 38. Ng3 Rd8 39. h4 Rg7 40. R7f4 Nd3 41. Rf6 Nc5 42. h5 Re8 43. Kh3 Nd7 44. R6f4 Rf8 45. Kh4 h6 46. Bxe4 Rxg3 47. Kxg3 Bxe4 48. Rg4+ Kh7 49. Rxf8 Nxf8 50. Rxe4 Kg7 51. Rf4 Nd7 52. Rg4+ Kf7 53. Rg6 a5 54. Kf4 Nf8 55. Rg1 Nd7 56. Rg6 b5 57. Rxh6 Nf8 58. Ke5 Kg7 0-1

[Event "Nezhmetdinov Memorial 32nd"]
[Site "Kazan"]
[Date "2010.06.06"]
[Round "7"]
[White "Gabdrakhmanov, Rafail"]
[Black "Sanzhaev, Darsen"]
[Result "1-0"]
[WhiteElo "2362"]
[BlackElo "2150"]
[PlyCount "107"]
[EventDate "2010.05.31"]
[EventType "swiss"]
[EventRounds "9"]
[EventCountry "RUS"]
[SourceTitle "CBM 136 Extra"]
[Source "ChessBase"]
[SourceDate "2010.07.02"]
[SourceVersion "2"]
[SourceVersionDate "2010.07.15"]
[SourceQuality "1"]

1. e4 c5 2. Nf3 Nc6 3. d3 e6 4. g3 d5 5. Nbd2 Nf6 6. Bg2 Be7 7. 0-0 0-0 8. Re1 Qc7 9. e5 Ng4 10. Qe2 f6 11. exf6 Bxf6 12. Nb3 Qe7 13. c3 Nge5 14. Nxe5 Bxe5 15. Be3 Bd6 16. d4 c4 17. Nd2 Bd7 18. f4 b5 19. Nf3 a5 20. Bd2 Rae8 21. Ng5 Qf6 22. a3 Re7 23. Qh5 h6 24. Nf3 Be8 25. Qg4 Bg6 26. Ne5 Bxe5 27. dxe5 Qf7 28. Be3 Rb7 29. Qh4 b4 30. axb4 axb4 31. Ra6 bxc3 32. bxc3 Ne7 33. g4 Be4 34. Bxe4 dxe4 35. Rf1 Nd5 36. Qe1 h5 37. f5 hxg4 38. Rxe6 Ne7 39. Bc5 Nxf5 40. Ra6 Rc8 41. Qxe4 g6 42. Bb4 Ra7 43. Rf6 Qg7 44. Qxg4 Kh7 45. Qh3+ Kg8 46. Qg4 Kh7 47. Qg2 Rb7 48. Bf8 Rxf8 49. Rxf8 Re7 50. Qh3+ Nh6 51. e6 Qe5 52. R8f7+ Rxf7 53. Rxf7+ Kg8 54. Qxh6 1-0

[Event "Nezhmetdinov Memorial 31st"]
[Site "Kazan"]
[Date "2009.06.07"]
[Round "8"]
[White "Sabaev, Evgueni"]
[Black "Gabdrakhmanov, Rafail"]
[Result "1/2-1/2"]
[WhiteElo "2272"]
[BlackElo "2365"]
[PlyCount "138"]
[EventDate "2009.05.31"]
[EventType "swiss"]
[EventRounds "9"]
[EventCountry "RUS"]
[SourceTitle "CBM 130 Extra"]
[Source "ChessBase"]
[SourceDate "2009.07.02"]
[SourceVersion "2"]
[SourceVersionDate "2009.07.15"]
[SourceQuality "1"]

1. e4 c5 2. Nf3 Nc6 3. Bb5 g6 4. Bxc6 bxc6 5. 0-0 Bg7 6. Re1 f6 7. c3 Nh6 8. d4 cxd4 9. cxd4 Nf7 10. Nc3 0-0 11. Be3 d6 12. Nd2 f5 13. exf5 gxf5 14. f3 Rb8 15. Qc2 f4 16. Bf2 Bd7 17. Rad1 Nh6 18. Nf1 Nf5 19. b3 Qa5 20. Re4 Bh6 21. g4 fxg3 22. hxg3 Rf7 23. Rde1 Re8 24. Ne2 Ng7 25. Rh4 Rf6 26. Rd1 Qd5 27. Qe4 Qxe4 28. fxe4 Bg5 29. Rh2 Bg4 30. Re1 Ref8 31. Nc3 Rf3 32. Ne3 Bd7 33. Nb1 h5 34. Nd2 R3f7 35. Ndc4 Kh7 36. Nf1 Bg4 37. Be3 Ne6 38. d5 cxd5 39. exd5 Bxe3+ 40. Nfxe3 Ng5 41. Nd2 Nh3+ 42. Kh1 Nf2+ 43. Kg1 Nd3 44. Rf1 Rxf1+ 45. Ndxf1 Kg6 46. Nxg4 hxg4 47. Re2 Ne5 48. Nd2 Rc8 49. Re4 Rc1+ 50. Kf2 Rc2 51. Ke3 Rc3+ 52. Kf2 Rc2 53. Ke3 Rxa2 54. Nc4 Nxc4+ 55. bxc4 Kf6 56. Rxg4 a5 57. Rf4+ Kg6 58. g4 Rb2 59. Kd4 Rb8 60. Rf3 Kg5 61. Ra3 Ra8 62. c5 dxc5+ 63. Kxc5 Kxg4 64. Re3 Ra7 65. Kb6 Kf4 66. Re1 Rd7 67. Kc6 Ra7 68. Kb6 Rd7 69. Kc6 Ra7 1/2-1/2

[Event "Tatarstan-ch op"]
[Site "Kazan"]
[Date "2008.08.28"]
[Round "8"]
[White "Gabdrakhmanov, Rafail"]
[Black "Lyanguzov, Oleg"]
[Result "1-0"]
[WhiteElo "2386"]
[BlackElo "2318"]
[PlyCount "65"]
[EventDate "2008.08.21"]
[EventType "swiss"]
[EventRounds "9"]
[EventCountry "RUS"]
[SourceTitle "EXT 2010"]
[Source "ChessBase"]
[SourceDate "2010.11.25"]
[SourceVersion "1"]
[SourceVersionDate "2010.11.25"]
[SourceQuality "1"]

1. d4 e6 2. c4 b6 3. Nc3 Bb4 4. Nf3 Nf6 5. e3 Ne4 6. Qc2 Bb7 7. Bd3 f5 8. 0-0 Bxc3 9. bxc3 0-0 10. Ne1 d6 11. f3 Nf6 12. e4 fxe4 13. fxe4 Nbd7 14. Nf3 Qe7 15. c5 e5 16. cxd6 cxd6 17. Nh4 Nxe4 18. Nf5 Qe6 19. Bxe4 d5 20. Qb3 Rae8 21. Ba3 dxe4 22. Qxe6+ Rxe6 23. Bxf8 Nxf8 24. Rad1 Ba6 25. d5 Rf6 26. Rf2 Bd3 27. Ne3 Nd7 28. Rxf6 gxf6 29. Kf2 Kf7 30. g4 Nf8 31. Nf5 Ng6 32. Ke3 Nf4 33. Nd6+ 1-0

[Event "Tatarstan-ch op"]
[Site "Kazan"]
[Date "2008.08.26"]
[Round "6"]
[White "Kharlov, Andrei"]
[Black "Gabdrakhmanov, Rafail"]
[Result "1-0"]
[WhiteElo "2501"]
[BlackElo "2386"]
[PlyCount "79"]
[EventDate "2008.08.21"]
[EventType "swiss"]
[EventRounds "9"]
[EventCountry "RUS"]
[SourceTitle "EXT 2010"]
[Source "ChessBase"]
[SourceDate "2010.11.25"]
[SourceVersion "1"]
[SourceVersionDate "2010.11.25"]
[SourceQuality "1"]

1. e4 e5 2. Nf3 Nc6 3. Bb5 a6 4. Ba4 d6 5. 0-0 Bd7 6. c3 Nf6 7. Re1 Be7 8. d4 0-0 9. Nbd2 Re8 10. d5 Nb8 11. Bc2 a5 12. Nf1 Na6 13. Ng3 g6 14. c4 c6 15. h3 cxd5 16. cxd5 b5 17. Be3 Qb8 18. Qd2 Rc8 19. Rac1 Bd8 20. Bg5 Qb6 21. Nh2 Nb4 22. Bb1 Rxc1 23. Rxc1 Rc8 24. Rf1 Ne8 25. Be3 Qb7 26. Kh1 Bb6 27. Bh6 Qa7 28. Qe2 Qc7 29. a3 Na6 30. Bd3 Rb8 31. f4 exf4 32. Bxf4 Bd4 33. Nf3 Bg7 34. e5 dxe5 35. Nxe5 Nd6 36. Nxf7 Re8 37. Qf3 Bf8 38. Nxd6 Bxd6 39. Bxd6 Qxd6 40. Ne4 1-0

[Event "Tatarstan-ch op"]
[Site "Kazan"]
[Date "2008.08.22"]
[Round "2"]
[White "Gatin, Ravil"]
[Black "Gabdrakhmanov, Rafail"]
[Result "0-1"]
[WhiteElo "2139"]
[BlackElo "2386"]
[PlyCount "52"]
[EventDate "2008.08.21"]
[EventType "swiss"]
[EventRounds "9"]
[EventCountry "RUS"]
[SourceTitle "EXT 2010"]
[Source "ChessBase"]
[SourceDate "2010.11.25"]
[SourceVersion "1"]
[SourceVersionDate "2010.11.25"]
[SourceQuality "1"]

1. Nf3 c5 2. b3 d5 3. e3 Nf6 4. Bb2 e6 5. Ne5 a6 6. a4 Bd6 7. f4 0-0 8. Bd3 Nc6 9. Nxc6 bxc6 10. 0-0 a5 11. Qe2 Rb8 12. Ra2 Re8 13. e4 e5 14. f5 Rb4 15. Qe3 Nxe4 16. Ba3 Nf6 17. Bxb4 cxb4 18. c3 Ng4 19. Qg3 e4 20. Qxg4 exd3 21. cxb4 axb4 22. a5 Ba6 23. f6 Bc5+ 24. Kh1 Qxf6 25. Qf3 Qxf3 26. gxf3 Bd4 0-1

[Event "Nezhmetdinov Memorial 30th"]
[Site "Kazan"]
[Date "2008.06.03"]
[Round "3"]
[White "Gabdrakhmanov, Rafail"]
[Black "Gazizov, Ravil"]
[Result "1-0"]
[WhiteElo "2386"]
[BlackElo "2193"]
[PlyCount "101"]
[EventDate "2008.06.01"]
[EventType "swiss"]
[EventRounds "9"]
[EventCountry "RUS"]
[SourceTitle "EXT 2009"]
[Source "ChessBase"]
[SourceDate "2008.11.26"]
[SourceVersion "1"]
[SourceVersionDate "2008.11.26"]
[SourceQuality "1"]

1. Nf3 d5 2. d4 Nf6 3. c4 c6 4. e3 e6 5. Nbd2 Nbd7 6. Bd3 c5 7. b3 cxd4 8. exd4 b6 9. 0-0 Bb7 10. Qe2 Be7 11. Bb2 0-0 12. Rad1 Re8 13. Ne5 Nxe5 14. dxe5 Nd7 15. cxd5 Bxd5 16. Ne4 Qc7 17. Rc1 Qb8 18. Nc3 Bb7 19. Rfe1 a6 20. Bb1 Rd8 21. Rcd1 Nf8 22. Ne4 Bxe4 23. Qxe4 Ra7 24. Rd3 Rad7 25. Red1 Rxd3 26. Rxd3 a5 27. h4 Rxd3 28. Bxd3 Qd8 29. g3 g6 30. a3 Nd7 31. b4 axb4 32. axb4 Qc7 33. Bb5 Nf8 34. Qd4 Qc2 35. Bc3 h5 36. Kg2 Kg7 37. Be8 g5 38. hxg5 Bxg5 39. Bc6 Ng6 40. Be4 Qc1 41. Bb2 Qe1 42. Bc3 Qc1 43. f4 Bh6 44. Bd2 Qd1 45. Bf3 Qc2 46. Bxh5 Bxf4 47. gxf4 Nh4+ 48. Kf2 Qf5 49. Bf3 Qh3 50. Qe4 Nf5 51. Bg2 1-0

[Event "Nezhmetdinov Memorial 30th"]
[Site "Kazan"]
[Date "2008.06.02"]
[Round "2"]
[White "Kokarev, Dmitry"]
[Black "Gabdrakhmanov, Rafail"]
[Result "1-0"]
[WhiteElo "2579"]
[BlackElo "2386"]
[PlyCount "107"]
[EventDate "2008.06.01"]
[EventType "swiss"]
[EventRounds "9"]
[EventCountry "RUS"]
[SourceTitle "EXT 2009"]
[Source "ChessBase"]
[SourceDate "2008.11.26"]
[SourceVersion "1"]
[SourceVersionDate "2008.11.26"]
[SourceQuality "1"]

1. e4 c5 2. Nf3 a6 3. c3 e6 4. d4 d5 5. exd5 exd5 6. Be2 Bd6 7. dxc5 Bxc5 8. 0-0 Ne7 9. Nbd2 Nbc6 10. Nb3 Bd6 11. Bg5 0-0 12. Bh4 Bg4 13. Re1 Qc7 14. Bg3 Rad8 15. Nfd4 Bf5 16. Bxd6 Rxd6 17. Bf3 Nxd4 18. Nxd4 Bg6 19. Qe2 Nc6 20. Rad1 Nxd4 21. Rxd4 Re6 22. Qd2 Rfe8 23. Rxe6 fxe6 24. c4 dxc4 25. Rd7 Qe5 26. Bxb7 Bd3 27. a4 a5 28. Ba6 Rf8 29. Bb5 Qc5 30. h3 h6 31. Qe1 Rf5 32. Qxe6+ Kh7 33. Qe1 Rg5 34. Kh2 Bf5 35. Re7 Qd4 36. Qe3 Qd5 37. f3 Qd6+ 38. f4 Bd3 39. Re5 Rg6 40. Qc5 Qf6 41. Qf2 Qd8 42. Qc5 Qf6 43. Qe3 Bf1 44. g4 Qd6 45. Kg1 Qd1 46. Kf2 Bxh3 47. Qxh3 Rxg4 48. Bc6 Rxf4+ 49. Kg3 Qd3+ 50. Kxf4 Qd4+ 51. Be4+ g6 52. Re7+ Kg8 53. Qe6+ Kh8 54. Re8+ 1-0

[Event "Nezhmetdinov Memorial 30th"]
[Site "Kazan"]
[Date "2008.06.01"]
[Round "1"]
[White "Gabdrakhmanov, Rafail"]
[Black "Pranizin, Gennady"]
[Result "1-0"]
[WhiteElo "2386"]
[BlackElo "2086"]
[PlyCount "71"]
[EventDate "2008.06.01"]
[EventType "swiss"]
[EventRounds "9"]
[EventCountry "RUS"]
[SourceTitle "EXT 2009"]
[Source "ChessBase"]
[SourceDate "2008.11.26"]
[SourceVersion "1"]
[SourceVersionDate "2008.11.26"]
[SourceQuality "1"]

1. c4 e5 2. Nc3 Nf6 3. g3 Be7 4. Bg2 c6 5. Nf3 e4 6. Nd4 d5 7. cxd5 cxd5 8. d3 Qb6 9. Nb3 Bb4 10. 0-0 Bxc3 11. bxc3 0-0 12. Be3 Qc7 13. Bd4 Nbd7 14. Rc1 b5 15. Qd2 Bb7 16. Na1 Ne8 17. Nc2 f5 18. Be3 Nc5 19. Nd4 Qd7 20. Nxf5 exd3 21. Nh6+ gxh6 22. Bxc5 dxe2 23. Rfe1 Rf6 24. Bd4 Rg6 25. Qxe2 Ng7 26. Qe7 Rd8 27. Bh3 Qxe7 28. Rxe7 Bc6 29. Rce1 a6 30. f4 Rf8 31. Ra7 Ra8 32. Ree7 Rxa7 33. Rxa7 Be8 34. f5 Rg5 35. f6 Nh5 36. Be6+ 1-0

[Event "Kazan Region-ch 6th"]
[Site "Kazan"]
[Date "2008.01.26"]
[Round "4"]
[White "Gabdrakhmanov, Rafail"]
[Black "Iliushkin, Evgeny"]
[Result "1/2-1/2"]
[WhiteElo "2413"]
[BlackElo "2314"]
[PlyCount "126"]
[EventDate "2008.01.23"]
[EventType "swiss"]
[EventRounds "9"]
[EventCountry "RUS"]
[SourceTitle "CBM 122 Extra"]
[Source "ChessBase"]
[SourceDate "2008.03.04"]
[SourceVersion "1"]
[SourceVersionDate "2008.03.04"]
[SourceQuality "1"]

1. c4 e5 2. Nc3 Nc6 3. g3 d6 4. Bg2 Be6 5. d3 Qd7 6. e3 g6 7. h3 Bg7 8. Nge2 Nge7 9. Nd5 0-0 10. Rb1 Nd8 11. b3 c6 12. Nxe7+ Qxe7 13. Ba3 f5 14. 0-0 Nf7 15. f4 Rfe8 16. Qd2 Qd7 17. d4 exd4 18. Nxd4 d5 19. Nxe6 Qxe6 20. cxd5 cxd5 21. Rfe1 Rad8 22. Rbd1 Qa6 23. Bc5 b6 24. Bd4 Bxd4 25. Qxd4 Qxa2 26. Bxd5 Qa3 27. Qf6 Rd7 28. Bc4 Rde7 29. Rd3 b5 30. Bd5 Rd7 31. Qc6 Rde7 32. Qxb5 Qb2 33. Qc5 Kg7 34. Bc4 Qf6 35. Kf2 h6 36. Re2 Qb6 37. Qd4+ Qxd4 38. Rxd4 Rc7 39. Ra2 Ree7 40. Ra6 Red7 41. Rc6 h5 42. Ke2 Re7 43. Ra6 Red7 44. Kd3 Nh6 45. Rdd6 Rxd6+ 46. Rxd6 Nf7 47. Bxf7 Kxf7 48. b4 Re7 49. Ra6 Kg7 50. b5 h4 51. gxh4 Kh6 52. Ra1 Kh5 53. Rg1 Re6 54. Ra1 Re7 55. Ra6 Rg7 56. Kd4 Kxh4 57. Kd5 Kxh3 58. Ke6 Kg4 59. Kf6 Rb7 60. Kxg6 Rxb5 61. Rxa7 Rb6+ 62. Kf7 Rc6 63. Rb7 Ra6 1/2-1/2

[Event "Kazan Region-ch 6th"]
[Site "Kazan"]
[Date "2008.01.24"]
[Round "2"]
[White "Gabdrakhmanov, Rafail"]
[Black "Kunakbaev, Ilnur"]
[Result "1-0"]
[WhiteElo "2413"]
[BlackElo "2111"]
[PlyCount "43"]
[EventDate "2008.01.23"]
[EventType "swiss"]
[EventRounds "9"]
[EventCountry "RUS"]
[SourceTitle "CBM 122 Extra"]
[Source "ChessBase"]
[SourceDate "2008.03.04"]
[SourceVersion "1"]
[SourceVersionDate "2008.03.04"]
[SourceQuality "1"]

1. d4 Nf6 2. c4 e6 3. Nc3 Bb4 4. e3 c5 5. Nf3 Nc6 6. Bd3 Bxc3+ 7. bxc3 d6 8. 0-0 e5 9. Qc2 h6 10. Bb2 0-0 11. Nd2 Ne7 12. Rae1 Nh5 13. f4 exf4 14. exf4 f5 15. Nb3 Ng6 16. Bc1 b6 17. g3 Rb8 18. Re2 Rb7 19. Rfe1 Re7 20. Rxe7 Nxe7 21. Qe2 Kh7 22. Qxh5 1-0

[Event "Tatarstan-ch op"]
[Site "Kazan"]
[Date "2007.08.25"]
[Round "6"]
[White "Gabdrakhmanov, Rafail"]
[Black "Nizamov, Ildar"]
[Result "0-1"]
[WhiteElo "2392"]
[BlackElo "2300"]
[PlyCount "70"]
[EventDate "2007.08.20"]
[EventType "swiss"]
[EventRounds "9"]
[EventCountry "RUS"]
[SourceTitle "EXT 2009"]
[Source "ChessBase"]
[SourceDate "2008.11.26"]
[SourceVersion "1"]
[SourceVersionDate "2008.11.26"]
[SourceQuality "1"]

1. Nf3 c5 2. g3 g6 3. Bg2 Bg7 4. 0-0 Nc6 5. c3 e5 6. d4 cxd4 7. cxd4 exd4 8. Na3 Nge7 9. Nb5 Nf5 10. Bf4 0-0 11. Nc7 Rb8 12. Nd5 d6 13. Bg5 Qa5 14. Nd2 Be6 15. Nb3 Qa4 16. Nf6+ Kh8 17. g4 Nfe7 18. Qd3 Ng8 19. Nxg8 Kxg8 20. h3 Rfe8 21. Rfc1 Ne5 22. Qg3 h6 23. Bf4 d3 24. Bxe5 Bxe5 25. Qxd3 Bxb2 26. Nd2 Bxc1 27. Rxc1 Rbc8 28. Rxc8 Rxc8 29. Ne4 d5 30. Nf6+ Kg7 31. Nxd5 Qc4 32. Qf3 Bxd5 33. Qxd5 Qxd5 34. Bxd5 b5 35. f4 Rc5 0-1

[Event "Tatarstan-ch op"]
[Site "Kazan"]
[Date "2007.08.20"]
[Round "1"]
[White "Bitkinin, Lenar"]
[Black "Gabdrakhmanov, Rafail"]
[Result "0-1"]
[WhiteElo "2117"]
[BlackElo "2392"]
[PlyCount "98"]
[EventDate "2007.08.20"]
[EventType "swiss"]
[EventRounds "9"]
[EventCountry "RUS"]
[SourceTitle "EXT 2009"]
[Source "ChessBase"]
[SourceDate "2008.11.26"]
[SourceVersion "1"]
[SourceVersionDate "2008.11.26"]
[SourceQuality "1"]

1. d4 Nf6 2. c4 e6 3. Nc3 Bb4 4. e3 0-0 5. Nge2 b6 6. a3 Bxc3+ 7. bxc3 Ba6 8. Ng3 d5 9. Qa4 Qe8 10. Qxe8 Rxe8 11. cxd5 Bxf1 12. Kxf1 exd5 13. f3 Nc6 14. Kf2 Re6 15. Re1 Rae8 16. Ra2 Na5 17. Rae2 Rc6 18. Rc2 Nb3 19. Bb2 Rc4 20. Ree2 c5 21. Nf5 Re6 22. g4 h5 23. g5 Ne8 24. e4 dxe4 25. d5 Rd6 26. Rxe4 Rxe4 27. Nxd6 Re7 28. Nf5 Rd7 29. c4 Na5 30. Re2 Kf8 31. Re4 g6 32. Ne3 Nd6 33. Rf4 Re7 34. Bf6 Re8 35. Bc3 Rxe3 36. Kxe3 Ndxc4+ 37. Kd3 b5 38. a4 a6 39. axb5 axb5 40. Be1 Ne5+ 41. Kc2 Nd7 42. Bf2 Ke7 43. h4 Kd8 44. Kc3 Kc7 45. Bg3 Kb6 46. Bf2 Ka6 47. Be1 Kb6 48. Kb2 b4 49. Bxb4 cxb4 0-1

[Event "Nezhmetdinov Memorial 29th"]
[Site "Kazan"]
[Date "2007.06.08"]
[Round "8"]
[White "Gabdrakhmanov, Rafail"]
[Black "Alavkin, Arseny Nailievich"]
[Result "1-0"]
[WhiteElo "2392"]
[BlackElo "2493"]
[PlyCount "47"]
[EventDate "2007.06.01"]
[EventType "swiss"]
[EventRounds "9"]
[EventCountry "RUS"]
[SourceTitle "CBM 119 Extra"]
[Source "ChessBase"]
[SourceDate "2007.09.04"]
[SourceVersion "1"]
[SourceVersionDate "2007.09.04"]
[SourceQuality "1"]

1. Nf3 d5 2. c4 c6 3. b3 Bg4 4. Bb2 Bxf3 5. exf3 e6 6. Be2 Ne7 7. 0-0 Nf5 8. Bd3 Qg5 9. g3 Nd6 10. f4 Qh6 11. Re1 Be7 12. f5 Bf6 13. Nc3 Kd7 14. fxe6+ fxe6 15. Qg4 Qxd2 16. Qxe6+ Kc7 17. c5 Nc8 18. Nxd5+ cxd5 19. Be5+ Bxe5 20. Qxe5+ Kc6 21. Rad1 Qh6 22. b4 Qf6 23. b5+ Kxc5 24. Qc7+ 1-0

[Event "Nezhmetdinov Memorial 29th"]
[Site "Kazan"]
[Date "2007.06.06"]
[Round "6"]
[White "Gabdrakhmanov, Rafail"]
[Black "Magrifin, Iljanur"]
[Result "1-0"]
[WhiteElo "2392"]
[BlackElo "2227"]
[PlyCount "79"]
[EventDate "2007.06.01"]
[EventType "swiss"]
[EventRounds "9"]
[EventCountry "RUS"]
[SourceTitle "CBM 119 Extra"]
[Source "ChessBase"]
[SourceDate "2007.09.04"]
[SourceVersion "1"]
[SourceVersionDate "2007.09.04"]
[SourceQuality "1"]

1. c4 Nf6 2. Nc3 g6 3. e4 d6 4. d4 Bg7 5. Nge2 0-0 6. f3 c5 7. Be3 Nc6 8. d5 Ne5 9. Ng3 e6 10. Be2 exd5 11. cxd5 a6 12. a4 h5 13. 0-0 Nh7 14. Qd2 Re8 15. Nh1 Rb8 16. Nf2 b6 17. Kh1 Qd7 18. b3 b5 19. axb5 axb5 20. Ra5 b4 21. Nb5 Qd8 22. Qa2 f5 23. Ra7 Nf6 24. Bg5 Nf7 25. Bf4 g5 26. Rxf7 Kxf7 27. Nxd6+ Kg8 28. Nxe8 gxf4 29. Nxg7 Kxg7 30. Qa7+ Nd7 31. Nd3 Rb7 32. Qa1+ Qf6 33. Nxf4 Qxa1 34. Rxa1 Kf6 35. Nxh5+ Ke5 36. exf5 Nb6 37. f6 Nxd5 38. f4+ Kf5 39. Bf3 Rd7 40. f7 1-0

[Event "Nezhmetdinov Memorial 29th"]
[Site "Kazan"]
[Date "2007.06.01"]
[Round "1"]
[White "Ayupov, Damir"]
[Black "Gabdrakhmanov, Rafail"]
[Result "1/2-1/2"]
[WhiteElo "2388"]
[BlackElo "2392"]
[PlyCount "24"]
[EventDate "2007.06.01"]
[EventType "swiss"]
[EventRounds "9"]
[EventCountry "RUS"]
[SourceTitle "CBM 119 Extra"]
[Source "ChessBase"]
[SourceDate "2007.09.04"]
[SourceVersion "1"]
[SourceVersionDate "2007.09.04"]
[SourceQuality "1"]

1. c4 e6 2. Nc3 d5 3. d4 Be7 4. cxd5 exd5 5. Bf4 Nf6 6. e3 Bf5 7. Nge2 0-0 8. Rc1 c6 9. Ng3 Be6 10. Bd3 Re8 11. Qb3 Qb6 12. Qc2 Nbd7 1/2-1/2

[Event "Kazan-ch"]
[Site "Kazan"]
[Date "2006.12.05"]
[Round "9"]
[White "Gabdrakhmanov, Rafail"]
[Black "Baharev, Vladimir"]
[Result "1/2-1/2"]
[WhiteElo "2388"]
[BlackElo "2272"]
[PlyCount "21"]
[EventDate "2006.11.21"]
[EventType "swiss"]
[EventRounds "11"]
[EventCountry "RUS"]
[SourceTitle "EXT 2019"]
[Source "ChessBase"]
[SourceDate "2018.10.10"]
[SourceVersion "1"]
[SourceVersionDate "2018.10.10"]
[SourceQuality "1"]

1. d4 f5 2. c4 Nf6 3. Nc3 e6 4. Nf3 d5 5. g3 c6 6. Bg2 Be7 7. 0-0 0-0 8. Bg5 Nbd7 9. Rb1 Ne4 10. Bxe7 Qxe7 11. Qc2 1/2-1/2

[Event "Kazan-ch"]
[Site "Kazan"]
[Date "2006.12.03"]
[Round "8"]
[White "Lyanguzov, Oleg"]
[Black "Gabdrakhmanov, Rafail"]
[Result "0-1"]
[WhiteElo "2337"]
[BlackElo "2388"]
[PlyCount "68"]
[EventDate "2006.11.21"]
[EventType "swiss"]
[EventRounds "11"]
[EventCountry "RUS"]
[SourceTitle "EXT 2019"]
[Source "ChessBase"]
[SourceDate "2018.10.10"]
[SourceVersion "1"]
[SourceVersionDate "2018.10.10"]
[SourceQuality "1"]

1. c4 c5 2. Nf3 g6 3. d4 cxd4 4. Nxd4 Bg7 5. g3 Nc6 6. Nc2 Qa5+ 7. Nd2 d6 8. Bg2 Be6 9. 0-0 Rc8 10. a3 Qh5 11. Nb4 Bh3 12. Nd5 Bxg2 13. Kxg2 Nf6 14. Nc3 Nd7 15. Nd5 Nb6 16. Nxb6 axb6 17. Rb1 b5 18. b3 0-0 19. e3 Qf5 20. Bb2 Bxb2 21. Rxb2 bxc4 22. bxc4 Rc7 23. Rb5 Ne5 24. Qb1 Qc8 25. Rc1 Qa8 26. f3 b6 27. Kg1 Nd7 28. Rc3 Ra7 29. Qe4 Qxe4 30. Nxe4 Rfa8 31. Rbb3 f5 32. Ng5 Nc5 33. Rxb6 h6 34. Nh3 Na4 0-1